000 00970 a2200241 4500
999 _c2969
_d2969
020 _a177010075X
020 _a9781770100756
050 0 0 _aJQ1879 OLI 2007
100 _aJordan, Z. Pallo (editor)
245 0 0 _aOliver Tambo remembered /
_cedited by Z. Pallo Jordan.
264 _aJohannesburg
_bPan Macmillan
_cJohannesburg
300 _axxix, 465 p., [8] p. of plates :
_bill., ports. ;
500 _aOliver Tambo
650 0 _aAnti-apartheid activists
650 0 _aAnti-apartheid movements
651 0 _aSouth Africa
700 1 _aJordan, Z. Pallo.
856 4 1 _3Table of contents
_uhttp://www.loc.gov/catdir/toc/fy0803/2007492167.html
856 4 2 _3Contributor biographical information
_uhttp://www.loc.gov/catdir/enhancements/fy1608/2007492167-b.html
856 4 2 _3Publisher description
_uhttp://www.loc.gov/catdir/enhancements/fy1608/2007492167-d.html
942 _2lcc
_cBK
_h1879
_iOLI
_kJQ